000 01768nam0a2200325 4500
001 RU\NLR\BIBL_A\022744671
005 20260524043521.0
010 _a978-5-00249-401-9
_9500
021 _aRU
_bКН-П-26-002706
_9КН-П-26-0247
035 _a(NLR Aleph) 022744671
090 _a13709164
_c13709164
100 _a20260305d2025 k y0rusy50 ca
101 0 _arus
102 _aRU
105 _aa z 000yy
181 0 _ai3
_baxxe
182 0 _an
200 1 _aСовременные механизмы ресурсообеспечения предприятий розничной торговли
_eмонография
_fДонец Л. И., Яковенко Я. А.
_gМинистерство образования и науки Российской Федерации, Федеральное государственное бюджетное образовательное учреждение высшего образования "Донецкий национальный университет экономики и торговли имени Михаила Туган-Барановского"
203 _aТекст
_bвизуальный
_cнепосредственный
210 _aУфа
_cАэтерна
_d2025
215 _a215 с.
_cил., табл.
_d21
320 _aБиблиогр.: с. 203-215 (110 назв.)
606 1 _aРозничная торговля
_xПредприятия
_xРесурсный потенциал
_92709822
_3RU\NLR\AUTH\6601770784
686 1 _aУ42(2)121-553.8(2Р)
700 1 _aДонец
_bЛ. И.
_gЛюбовь Ивановна
701 1 _aЯковенко
_bЯ. А.
_gЯна Александровна
942 _cBOOK
980 _aNB